Normal view
MARC view
Entry Geographic Name
001 - CONTROL NUMBER
- control field: 51517
003 - CONTROL NUMBER IDENTIFIER
- control field: dpl
005 - DATE AND TIME OF LATEST TRANSACTION
- control field: 20120827105557.0
008 - FIXED-LENGTH DATA ELEMENTS
- fixed length control field: 120827|||a|||||| | ||| d
040 ## - CATALOGING SOURCE
- Original cataloging agency: dpl
- Transcribing agency: dpl
151 ## - HEADING--GEOGRAPHIC NAME
- Geographic name: Delhi (India)
- General subdivision: Social conditions.
670 ## - SOURCE DATA FOUND
- Source citation: Work cat.: (dpl)28394: Sengupta, Ranjana 51515, Delhi Metropolitan :, 2007
670 ## - SOURCE DATA FOUND
- Source citation: Work cat.: (dpl)28394: Sengupta, Ranjana 51515, Delhi Metropolitan :, 2007
